| 000 | 00410nam a2200157Ia 4500 | ||
|---|---|---|---|
| 003 | GCL | ||
| 008 | 140319s9999 xx 000 0 eng d | ||
| 040 |
_aGCL / _cGCL |
||
| 082 | 0 | 4 |
_a610.7365 _bL G |
| 100 | 1 | _aLUECKENOTTE, ANNETTE | |
| 245 | 1 | 0 |
_aGERONTOLOGIC NURSING / _cLUECKENOTTE, ANNETTE |
| 260 |
_a[S.N] : _bMOSBY -YEAR BOOK , JNC ، _c1996 |
||
| 300 | _a960 P | ||
| 650 | 0 | 4 | _aNURSING |
| 942 |
_2ddc _cBK |
||
| 999 |
_c10221 _d10221 |
||